[Event "CZE-ch Betsys Online Blitz"]
[Site "Chess.com INT"]
[Date "2021.04.17"]
[Round "8"]
[White "Mikolas, Petr"]
[Black "Peroutka, Simon"]
[Result "0-1"]
[WhiteElo "1469"]
[BlackElo "1631"]
[PlyCount "56"]
[EventDate "2021.04.17"]
[EventType "swiss (blitz)"]
[EventRounds "13"]
[EventCountry "CZE"]
[SourceTitle "CBM 201 Extra"]
[Source "ChessBase"]
[SourceDate "2021.05.31"]
[SourceVersion "1"]
[SourceVersionDate "2021.05.31"]
[SourceQuality "1"]

1. e4 c5 2. Nf3 e6 3. d4 cxd4 4. Nxd4 Nf6 5. Nc3 d6 6. Bg5 Be7 7. Bd3 0-0 8. Qf3 h6 9. Bf4 Nc6 10. Ndb5 a6 11. Na3 Nd4 12. Qe3 e5 13. Bg3 b5 14. Ne2 Bb7 15. Nxd4 exd4 16. Qxd4 d5 17. exd5 Nxd5 18. Be4 Bf6 19. Qd3 Re8 20. 0-0 Rxe4 21. Qxe4 Bxb2 22. Rad1 Bxa3 23. Rd3 Bb4 24. Rfd1 Qe8 25. Qg4 Rd8 26. Rxd5 Rxd5 27. Qxb4 Rxd1+ 28. Qe1 Rxe1# 0-1